Online Catalogue and eLibrary

Politics power dynamics (Record no. 5004)

MARC details
000 -LEADER
fixed length control field 00408nam a2200157Ia 4500
005 - DATE AND TIME OF LATEST TRANSACTION
control field 20240604005538.0
008 - FIXED-LENGTH DATA ELEMENTS--GENERAL INFORMATION
fixed length control field 240331s9999 xx 000 0 und d
020 ## - INTERNATIONAL STANDARD BOOK NUMBER
ISBN 9789555801133
082 ## - DDC Classification
Item Number - Author Mark MOO
Class No. 363
100 ## - MAIN ENTRY--PERSONAL NAME
Personal name Moonasinghe,S
245 #0 - TITLE STATEMENT
Title Politics power dynamics
260 ## - PUBLICATION, DISTRIBUTION, ETC.
Place of publication, distribution, etc. Colombo
Name of publisher, distributor, etc. International Centre for Ethnic Studies
Date of publication, distribution, etc. 2007
300 ## - PHYSICAL DESCRIPTION
Extent (e.g. Volumes, Pages etc.) vi,126 p.,
650 ## - SUBJECT ADDED ENTRY--TOPICAL TERM
Topical term or geographic name entry element Power Dynamics
942 ## - Koha item type (Biblio)
Koha item type Books in Stacks (Lending)
Holdings
Lost status Damaged status Collection code Home library Current library Shelving location Date acquired Full call number Accession Number Item type
    Lending WERC Library WERC Library Social Science Cupboard 03/31/2024 363.34 MOO 6594 Books in Stacks (Lending)

© WERC Library